000 00786cam a2200277 4500
001 J90654
008 090401t1998 xxu||||| |||| 00| 0 eng d
035 _a(Sirsi) u85125
041 _aeng
050 _a333.330973
110 _aNational Real Estate Investor
_93607
245 _aSourcebook 1998: a guide to commercial real estate.
260 _aSkokie, Ill.
_bNational Real Estate Investor
_c1998
300 _a156p. ; 28cm.
350 _a0
520 _aIncludes company listings and an article on compensation.
650 _aDIRECTORIES
650 _aPROPERTY DEVELOPERS
650 _aPROPERTY FINANCE
650 _aPROPERTY INDUSTRY
650 _aREAL ESTATE
650 _aUNITED STATES
690 _aOVERSEAS-NORTH AMERICA
942 _n0
948 _c23/03/1998
999 _c97005
_d97005